Statistiques concernant Les pays qui ont gagné le maillot à pois au Tour de France

Cliquez ici pour prendre le quiz!

Statistiques générales

  • Ce quiz a été pris 136 fois
  • Le résultat moyen est 11 sur 12

Statistiques - réponses

VictoiresPays% Correct
18Espagne
100%
23France
100%
13Italie
99%
2Royaume-uni
96%
11Belgique
95%
2Pays-bas
93%
1Suisse
88%
2Slovénie
86%
2Pologne
77%
5Colombie
76%
3Danemark
74%
2Luxembourg
70%

Distribution des résultats

Percentile par nombre de réponses

% des personnes avec chaque résultat

Votre développement - résultats

Vous n’avez pas pris ce quiz